BSOP header

House most high : (Record no. 4490)

MARC details
000 -LEADER
fixed length control field 00694nam a2200205 4500
008 - FIXED-LENGTH DATA ELEMENTS--GENERAL INFORMATION
fixed length control field 011024s1993 us 1 engYA
020 ## - INTERNATIONAL STANDARD BOOK NUMBER
International Standard Book Number 0931464803
050 ## - LIBRARY OF CONGRESS CALL NUMBER
Classification number PJ4031
Item number H81
245 10 - TITLE STATEMENT
Title House most high :
Remainder of title the temples of ancient Mesopotamia /
Statement of responsibility, etc [compiled and edited by] A. R. George.
260 ## - PUBLICATION, DISTRIBUTION, ETC. (IMPRINT)
Place of publication, distribution, etc Indiana :
Name of publisher, distributor, etc Eisenbrauns,
Date of publication, distribution, etc c1993.
300 ## - PHYSICAL DESCRIPTION
Extent xii, 209 p.
490 1# - SERIES STATEMENT
Series statement Mesopotamian civilizations;
Volume number/sequential designation 5
500 ## - GENERAL NOTE
General note Commentary in English; Sumerian texts in cuneiform and romanization.
504 ## - BIBLIOGRAPHY, ETC. NOTE
Bibliography, etc Includes bibliographical references and index.
650 #4 - SUBJECT ADDED ENTRY--TOPICAL TERM
Topical term or geographic name as entry element Sumerian language
General subdivision Etymology.
650 #4 - SUBJECT ADDED ENTRY--TOPICAL TERM
Topical term or geographic name as entry element Temples.
951 ## - EQUIVALENCE OR CROSS-REFERENCE-GEOGRAPHIC NAME/AREA NAME [OBSOLETE] [CAN/MARC only]
General subdivision 00013932
700 1# - ADDED ENTRY--PERSONAL NAME
Personal name George, A. R.
942 ## - ADDED ENTRY ELEMENTS (KOHA)
Source of classification or shelving scheme Library of Congress Classification
Item type Books
Holdings
Withdrawn status Lost status Damaged status Not for loan Home library Current library Shelving location Date acquired Accession number Shelving control number Total Checkouts Full call number Barcode Date last seen Price effective from Koha item type Source of classification or shelving scheme Source of acquisition
        BSOP Library BSOP Library Reference 12/21/2000 22163 127   PJ4031/H81 00013932 02/23/2013 02/23/2013 Books    
        BSOP Library BSOP Library David Weisberg Collection 04/11/2024 47858     REF PJ4031 H81 1993 00060192 04/11/2024 04/11/2024 Books Library of Congress Classification Donated by Dr. David and Oprah Weisberg
BSOP

Biblical Seminary of the Philippines
  All rights Reserved
  © 2024

CONTACT INFORMATION

Biblical Seminary of the Philippines,
  77-B Karuhatan Road, Valenzuela City,
  PHILIPPINES 1441
  Phone: +632 8292-6795 / 8292-6798
  Fax : +632 8292-6675
  Email: library@bsop.edu.ph